| 000 | 00659 a2200169 4500 | ||
|---|---|---|---|
| 020 | _a017010351X | ||
| 020 | _a9780170103510 | ||
| 090 |
_c1335 _d1335 |
||
| 100 | 1 | _aKrause, Sandra Bochner and Sue Duchesne Kerri-lee. | |
| 245 | 1 | 0 |
_aEducational psychology - for learning and teaching / _cSandra Bochner and Sue Duchesne Kerri-lee Krause. |
| 260 |
_a[S.l.] : _bThomson, _c2003. |
||
| 300 |
_a464 p. ; _c28 cm. |
||
| 500 | _aPaperback. | ||
| 856 | 4 | 0 |
_3Amazon.com _uhttp://www.amazon.com/exec/obidos/ASIN/017010351X/chopaconline-20 |
| 856 | 4 | 0 |
_3Amazon customer reviews _uhttp://www.chopac.org/cgi-bin/tools/azrev.pl?q=017010351X |
| 942 |
_aNBS _cBK _k370.15 KRA |
||
| 999 |
_c343857 _d343857 |
||